00389nam a2200157Ia 45000010006000000050017000060080041000230410008000640820015000721000025000872450061001122600009001733000033001826500008002156540008002231364120260306164816.0260306t2006||||xx |||||||||||||| ||spa|| aESP a005.1bS29 aSchach, StepheneAUT 0aIngeniería de software clásica y orientada a objetos c2006 axxi, 581 páginas :c23 cm. aGEN aCCC